Long term studies of rubber materials by dynamic mechanical stress relaxation (1989 reviews) (Record no. 62261)

MARC details
000 -LEADER
fixed length control field 00464nam a2200157Ia 4500
100 ## - MAIN ENTRY--AUTHOR NAME
Personal name Bjork Folke
245 #0 - TITLE STATEMENT
Title Long term studies of rubber materials by dynamic mechanical stress relaxation (1989 reviews)
260 ## - PUBLICATION, DISTRIBUTION, ETC. (IMPRINT)
Name of publisher Rubber Chemistry and Technology
Year of publication 1989
300 ## - PHYSICAL DESCRIPTION
Number of Pages 387-425
650 ## - SUBJECT ADDED ENTRY--TOPICAL TERM
Topical Term 1989 reviews
650 ## - SUBJECT ADDED ENTRY--TOPICAL TERM
Topical Term Stress relaxation
700 ## - ADDED ENTRY--PERSONAL NAME
Personal name Dickman Ola
700 ## - ADDED ENTRY--PERSONAL NAME
Personal name Stenberg Bengt
942 ## - ADDED ENTRY ELEMENTS (KOHA)
Koha item type Journals
Holdings
Withdrawn status Lost status Damaged status Not for loan Home library Current library Shelving location Date acquired Serial Enumeration / chronology Koha item type
      Journals RRII Library RRII Library Rubber chemistry 17/12/2021 Volume 62, Issue 3 Journals